[Event "Madrid 2011/2012- Semifinal A "]
[Site "Madrid ESP"]
[Date "2012.04.17"]
[Round "5.22"]
[White "Rodriguez Bachiller, Luis"]
[Black "Jimenez Gonzalez, Marcos"]
[Result "0-1"]
[WhiteElo "1827"]
[BlackElo "1848"]
[PlyCount "98"]
[EventDate "2012.04.10"]
[EventType "swiss"]
[EventRounds "9"]
[EventCountry "ESP"]
[Source "lmi"]
[SourceDate "2012.04.10"]

1. e4 c6 2. d4 d5 3. e5 Bf5 4. Nf3 e6 5. a3 Nd7 6. c4 Ne7 7. Nc3 Ng6 8. cxd5
cxd5 9. Bb5 a6 10. Ba4 Be7 11. O-O O-O 12. h3 Nh4 13. Bf4 Nxf3+ 14. Qxf3 b5 15.
Bb3 Rc8 16. Rac1 Nb6 17. Rfd1 Nc4 18. Bxc4 Rxc4 19. Ne2 Qb6 20. Rc3 Rfc8 21.
Rdc1 a5 22. Qe3 R8c6 23. g4 Bg6 24. Bg5 Qd8 25. Bxe7 Qxe7 26. Nf4 Qc7 27. Nxg6
hxg6 28. f4 b4 29. Rxc4 Rxc4 30. Rxc4 Qxc4 31. Qd2 bxa3 32. bxa3 a4 33. Kg2 Qb3
34. Qc1 Kh7 35. f5 gxf5 36. gxf5 exf5 37. Qg5 Qc2+ 38. Kg1 Qd1+ 39. Kg2 Qe2+
40. Kg3 Qf1 41. Qh4+ Kg6 42. Kh2 Qe2+ 43. Kg1 Qh5 44. Qg3+ Qg5 45. Kf2 Qxg3+
46. Kxg3 Kg5 47. h4+ Kh6 48. Kf4 g6 49. Kg3 Kh5 0-1

[Event "Madrid 2011/2012- Semifinal A "]
[Site "Madrid ESP"]
[Date "2012.04.17"]
[Round "5.23"]
[White "Lopez Peral, Enrique"]
[Black "Hrybanova, Valeria"]
[Result "1/2-1/2"]
[WhiteElo "1844"]
[BlackElo "1498"]
[PlyCount "71"]
[EventDate "2012.04.10"]
[EventType "swiss"]
[EventRounds "9"]
[EventCountry "ESP"]
[Source "lmi"]
[SourceDate "2012.04.10"]

1. Nf3 Nc6 2. c4 e5 3. Nc3 g6 4. g3 Bg7 5. d3 h6 6. Bg2 d6 7. O-O Be6 8. a3
Nge7 9. Bd2 f5 10. e4 Qd7 11. Nd5 O-O 12. Bc3 Nd8 13. Nxe7+ Qxe7 14. Nh4 Kh7
15. exf5 Bxf5 16. Nxf5 Rxf5 17. Qg4 Qg5 18. Qxg5 hxg5 19. Rad1 c6 20. d4 Nf7
21. Be4 Rf6 22. dxe5 Nxe5 23. Bxe5 dxe5 24. Rd7 Rb8 25. h3 Kh8 26. Rfd1 Bf8 27.
Rd8 Rxd8 28. Rxd8 Kg7 29. Rd7+ Rf7 30. Rxf7+ Kxf7 31. Kg2 Bd6 32. Kf3 Kf6 33.
Kg4 Bc7 34. b3 Bd6 35. a4 a5 36. Kf3 1/2-1/2

[Event "Madrid 2011/2012- Semifinal A "]
[Site "Madrid ESP"]
[Date "2012.04.17"]
[Round "5.24"]
[White "Cano Mercado, Francisco Manuel"]
[Black "Carrera Cabañeros, Francisco"]
[Result "1/2-1/2"]
[WhiteElo "1872"]
[BlackElo "1814"]
[PlyCount "85"]
[EventDate "2012.04.10"]
[EventType "swiss"]
[EventRounds "9"]
[EventCountry "ESP"]
[Source "lmi"]
[SourceDate "2012.04.10"]

1. d4 d5 2. c4 e6 3. g3 Nf6 4. Bg2 c6 5. Nf3 Be7 6. O-O O-O 7. b3 Ne4 8. Bb2
Nd7 9. Qc2 f5 10. e3 Ndf6 11. Ne5 Bd7 12. Nc3 Be8 13. Rac1 g5 14. Nxe4 Nxe4 15.
cxd5 exd5 16. Nd3 Bg6 17. f4 h5 18. fxg5 Bxg5 19. Nf4 Qe8 20. Ba3 Rf6 21. Rce1
h4 22. Bxe4 fxe4 23. Ng2 hxg3 24. h4 Rxf1+ 25. Rxf1 Be7 26. Bxe7 Qxe7 27. Qe2
Rf8 28. Qg4 Rxf1+ 29. Kxf1 Qf7+ 30. Nf4 Kh7 31. Kg2 Bf5 32. Qg5 a5 33. h5 b5
34. Kxg3 b4 35. Kh4 Bd7 36. Qe5 Bf5 37. Qd6 Qg7 38. Ng6 Bxg6 39. hxg6+ Qxg6 40.
Qc7+ Kh6 41. Qf4+ Kh7 42. Qc7+ Kh6 43. Qf4+ 1/2-1/2

[Event "Madrid 2011/2012- Semifinal A "]
[Site "Madrid ESP"]
[Date "2012.04.18"]
[Round "6.1"]
[White "Nuñez Reiz, Antonio"]
[Black "Serrano Salvador, Eduardo"]
[Result "1-0"]
[WhiteElo "2061"]
[BlackElo "2364"]
[PlyCount "81"]
[EventDate "2012.04.10"]
[EventType "swiss"]
[EventRounds "9"]
[EventCountry "ESP"]
[Source "lmi"]
[SourceDate "2012.04.10"]

1. e4 c5 2. d3 Nc6 3. g3 g6 4. Be3 Bg7 5. c3 d6 6. Bg2 e6 7. f4 Nge7 8. Nf3 Rb8
9. h4 h5 10. O-O b5 11. d4 cxd4 12. cxd4 d5 13. Ne5 Bb7 14. Nc3 b4 15. Na4 Nxe5
16. fxe5 dxe4 17. Nc5 Nf5 18. Qa4+ Kf8 19. Qxa7 Bc6 20. Nxe4 Rb5 21. Rxf5 gxf5
22. Nd6 Qd7 23. Nxb5 Bxb5 24. Qc5+ Kg8 25. Qxb4 Kh7 26. a4 Bc6 27. Qd6 Bxa4 28.
Qxd7 Bxd7 29. Ra7 Bb5 30. Rxf7 Rb8 31. Rb7 Rxb7 32. Bxb7 Bf8 33. Bc8 Bc4 34.
Bd7 f4 35. Bxf4 Kg6 36. Bd2 Kf5 37. Bc6 Be7 38. b4 Bd8 39. Kf2 Bb6 40. Ke3 Kg4
41. Be1 1-0

[Event "Madrid 2011/2012- Semifinal A "]
[Site "Madrid ESP"]
[Date "2012.04.18"]
[Round "6.2"]
[White "Martin Duque, Jesus"]
[Black "Rodrigo Yanguas, Maria"]
[Result "1-0"]
[WhiteElo "2176"]
[BlackElo "2181"]
[PlyCount "119"]
[EventDate "2012.04.10"]
[EventType "swiss"]
[EventRounds "9"]
[EventCountry "ESP"]
[Source "lmi"]
[SourceDate "2012.04.10"]

1. e4 e6 2. d4 d5 3. e5 c5 4. c3 Nc6 5. Nf3 Qb6 6. a3 Nh6 7. b4 cxd4 8. cxd4
Nf5 9. Bb2 Be7 10. h4 Bd7 11. g4 Nh6 12. Rg1 f6 13. exf6 gxf6 14. Bd3 Nf7 15.
Qe2 O-O-O 16. Nc3 Rde8 17. Na4 Qd8 18. Qc2 Kb8 19. Bxh7 e5 20. Bg6 Nd6 21. Bxe8
Qxe8 22. Nc5 e4 23. Nd2 Rxh4 24. Nxd7+ Qxd7 25. Nf1 Rxg4 26. Rh1 Rg8 27. Ne3
Nb5 28. Rd1 f5 29. Qe2 a6 30. Qh5 Rg5 31. Qh8+ Ka7 32. Rh5 Bf6 33. Rh7 Bxh8 34.
Rxd7 Bxd4 35. Bxd4+ Ncxd4 36. Nxd5 Nf3+ 37. Ke2 Nbd4+ 38. Ke3 Nc2+ 39. Kf4 Nxa3
40. Ne3 Nb5 41. Rc1 Rg8 42. Nxf5 Ng5 43. Nd6 Nxd6 44. Rxd6 Nh3+ 45. Ke3 Rf8 46.
Rc2 Rf3+ 47. Kxe4 Rf4+ 48. Ke3 Rxb4 49. Rd4 Rb6 50. f4 Re6+ 51. Re4 Rb6 52. Rg2
a5 53. Kf3 Rb3+ 54. Re3 Rb4 55. Re4 Rb3+ 56. Kg4 b5 57. f5 a4 58. f6 a3 59. f7
Rb2 60. f8=Q 1-0

[Event "Madrid 2011/2012- Semifinal A "]
[Site "Madrid ESP"]
[Date "2012.04.18"]
[Round "6.3"]
[White "Gonzalez Mateos, Rafael"]
[Black "Cabañas Bravo, Juan Andres"]
[Result "1/2-1/2"]
[WhiteElo "2157"]
[BlackElo "2092"]
[PlyCount "127"]
[EventDate "2012.04.10"]
[EventType "swiss"]
[EventRounds "9"]
[EventCountry "ESP"]
[Source "lmi"]
[SourceDate "2012.04.10"]

1. d4 Nf6 2. c3 g6 3. Bg5 Bg7 4. Nd2 d5 5. Ngf3 Nbd7 6. e3 O-O 7. Be2 a5 8. h3
c5 9. Bf4 Qb6 10. Qb3 c4 11. Qc2 Qc6 12. O-O a4 13. a3 Ra6 14. e4 dxe4 15. Ne5
Nxe5 16. Bxe5 Bf5 17. g4 Be6 18. Bxf6 Bxf6 19. Nxe4 Bd5 20. Nxf6+ Qxf6 21. f4
Qh4 22. Bf3 Rd8 23. Bxd5 Rxd5 24. Kg2 Rb5 25. Qf2 Qxf2+ 26. Rxf2 Rab6 27. Ra2
f6 28. Re2 Kf7 29. Kf3 Re6 30. Rxe6 Kxe6 31. Ke4 f5+ 32. Kf3 fxg4+ 33. hxg4 h5
34. gxh5 gxh5 35. Ke4 h4 36. Ra1 Rxb2 37. d5+ Kd6 38. Kd4 b5 39. Rh1 Rd2+ 40.
Ke4 Rxd5 41. Rxh4 Rd3 42. Rh6+ Kd7 43. Rb6 Rxc3 44. Rxb5 Rxa3 45. Kd5 Rf3 46.
Rb7+ Kd8 47. Ra7 a3 48. Ke4 Rh3 49. Ra4 Rb3 50. Kd4 c3 51. Kd3 c2+ 52. Kxc2 Rf3
53. Kd1 Kd7 54. Ke2 Rb3 55. Ra6 e6 56. Ra5 Ke7 57. f5 exf5 58. Rxf5 Kd6 59. Kd2
Kc6 60. Kc2 Rb2+ 61. Kc1 Kb6 62. Rf3 Kb5 63. Rxa3 Rh2 64. Rg3 1/2-1/2

[Event "Madrid 2011/2012- Semifinal A "]
[Site "Madrid ESP"]
[Date "2012.04.18"]
[Round "6.4"]
[White "Ramirez Garcia, Jorge Alberto"]
[Black "Garcia Gutierrez, Jose"]
[Result "1-0"]
[WhiteElo "2222"]
[BlackElo "2028"]
[PlyCount "67"]
[EventDate "2012.04.10"]
[EventType "swiss"]
[EventRounds "9"]
[EventCountry "ESP"]
[Source "lmi"]
[SourceDate "2012.04.10"]

1. e4 e6 2. d4 d5 3. Nc3 Nf6 4. e5 Nfd7 5. f4 c5 6. Nf3 Nc6 7. Be3 Be7 8. Qd2
O-O 9. Be2 f6 10. exf6 Nxf6 11. dxc5 Qa5 12. Nb5 Qxd2+ 13. Nxd2 a6 14. Nd6 Rd8
15. Nxc8 Raxc8 16. Nb3 d4 17. Bd2 e5 18. Bc4+ Kh8 19. Be6 Rb8 20. fxe5 Ne4 21.
Bf4 Nb4 22. O-O-O Nf2 23. a3 Nc6 24. Rhf1 Nxd1 25. Rxd1 b6 26. cxb6 Rxb6 27.
Bc4 a5 28. a4 g5 29. Bg3 Kg7 30. Bb5 Rxb5 31. axb5 a4 32. bxc6 axb3 33. c7 bxc2
34. Rxd4 1-0

[Event "Madrid 2011/2012- Semifinal A "]
[Site "Madrid ESP"]
[Date "2012.04.18"]
[Round "6.5"]
[White "Elissalt Cardenas, Hector"]
[Black "Garcia Prados, David"]
[Result "1-0"]
[WhiteElo "2366"]
[BlackElo "2070"]
[PlyCount "161"]
[EventDate "2012.04.10"]
[EventType "swiss"]
[EventRounds "9"]
[EventCountry "ESP"]
[Source "lmi"]
[SourceDate "2012.04.10"]

1. c4 Nf6 2. Nc3 b6 3. e4 e5 4. g3 Bb7 5. Bg2 c5 6. d3 Nc6 7. Nge2 Be7 8. h3 d6
9. Be3 Nd4 10. Qd2 a6 11. O-O b5 12. b3 b4 13. Nd1 a5 14. Nb2 Nd7 15. f4 Nb6
16. Bxd4 exd4 17. a4 Qc7 18. Nd1 O-O-O 19. Nf2 Rde8 20. Kh2 g6 21. Ng1 Bf6 22.
Rae1 Nd7 23. Nf3 Re7 24. Re2 Rhe8 25. h4 Bg7 26. Rfe1 h6 27. Bh3 Kb8 28. h5 Nf8
29. hxg6 fxg6 30. Kg2 Bc8 31. Bxc8 Kxc8 32. Rh1 Qd7 33. Qe1 Nh7 34. Qg1 g5 35.
f5 Nf6 36. g4 Qc7 37. Kf1 Rf7 38. Qg3 Nd7 39. Rh5 Ne5 40. Nxe5 dxe5 41. Nh3 Qe7
42. Ng1 Qf6 43. Nf3 Rd7 44. Reh2 Rd6 45. Ke2 Re7 46. Qg2 Kb8 47. Qh1 Re8 48.
Nd2 Rf8 49. Nf1 Rb6 50. Ng3 Rd6 51. R5h3 Rh8 52. Nh5 Qf8 53. f6 Bxf6 54. Rf3
Qd8 55. Rhf2 Be7 56. Rf7 Rf8 57. Rxf8 Bxf8 58. Qf3 Be7 59. Qf7 Qd7 60. Rf5 Kc7
61. Kf3 Qe6 62. Qg7 Rd7 63. Qxe5+ Qxe5 64. Rxe5 Bd6 65. Re6 Rf7+ 66. Ke2 Bh2
67. Ra6 Kb7 68. Rxh6 Bg1 69. Nf6 Be3 70. e5 Bf4 71. e6 Rg7 72. Kf3 Bc7 73. Ke4
Bd8 74. Rh7 Rxh7 75. Nxh7 Kc6 76. Kf5 Kd6 77. Nxg5 Bxg5 78. Kxg5 Kxe6 79. Kf4
Kf6 80. Ke4 Kg5 81. Kd5 1-0

[Event "Madrid 2011/2012- Semifinal A "]
[Site "Madrid ESP"]
[Date "2012.04.18"]
[Round "6.6"]
[White "Pastor Alonso De Prado, Alberto E"]
[Black "Alvarez Abejon, Amilcar"]
[Result "0-1"]
[WhiteElo "2218"]
[BlackElo "2069"]
[PlyCount "32"]
[EventDate "2012.04.10"]
[EventType "swiss"]
[EventRounds "9"]
[EventCountry "ESP"]
[Source "lmi"]
[SourceDate "2012.04.10"]

1. e4 e5 2. d4 exd4 3. Bc4 Nf6 4. Nf3 Nc6 5. O-O Nxe4 6. Re1 d5 7. Bxd5 Qxd5 8.
Nc3 Qh5 9. Nxe4 Be6 10. Neg5 O-O-O 11. Nxe6 fxe6 12. Rxe6 Bd6 13. Qe2 Rde8 14.
h3 Ne5 15. Rxe8+ Rxe8 16. Nxd4 Nf3+ 0-1

[Event "Madrid 2011/2012- Semifinal A "]
[Site "Madrid ESP"]
[Date "2012.04.18"]
[Round "6.7"]
[White "Spitzer Isbert, Ramon"]
[Black "Rodriguez De Castro, Ayar"]
[Result "0-1"]
[WhiteElo "2046"]
[BlackElo "2160"]
[PlyCount "66"]
[EventDate "2012.04.10"]
[EventType "swiss"]
[EventRounds "9"]
[EventCountry "ESP"]
[Source "lmi"]
[SourceDate "2012.04.10"]

1. c3 Nf6 2. Na3 g6 3. Nc2 Bg7 4. g3 O-O 5. Bg2 d6 6. d3 c6 7. f4 Nbd7 8. Nf3
e5 9. fxe5 Nxe5 10. Nxe5 dxe5 11. O-O Ng4 12. Kh1 f5 13. e4 fxe4 14. Bxe4 Nf2+
15. Rxf2 Rxf2 16. Be3 Rf7 17. Qg1 Bf5 18. Bxf5 Rxf5 19. Rd1 Qd5+ 20. Qg2 Qxa2
21. Nb4 Qe6 22. Re1 a5 23. Ra1 Raf8 24. Rxa5 Rf1+ 25. Bg1 Bh6 26. Qe2 Qh3 27.
Rxe5 R8f2 28. Re8+ Bf8 29. Qe6+ Qxe6 30. Rxe6 Bxb4 31. cxb4 Rxb2 32. Re8+ Kf7
33. Re4 g5 0-1

[Event "Madrid 2011/2012- Semifinal A "]
[Site "Madrid ESP"]
[Date "2012.04.18"]
[Round "6.8"]
[White "Estrada Martinez, Cesar"]
[Black "Mansilla Tolosa, Luis E"]
[Result "1/2-1/2"]
[WhiteElo "2114"]
[BlackElo "2048"]
[PlyCount "51"]
[EventDate "2012.04.10"]
[EventType "swiss"]
[EventRounds "9"]
[EventCountry "ESP"]
[Source "lmi"]
[SourceDate "2012.04.10"]

1. d4 Nf6 2. Nf3 d5 3. c4 e6 4. e3 Be7 5. Nc3 b6 6. cxd5 exd5 7. Bd3 O-O 8. O-O
Bg4 9. Be2 Nbd7 10. Re1 c6 11. a3 Qc7 12. b3 Rfe8 13. Bb2 Rad8 14. Rc1 Qb8 15.
Qc2 Bd6 16. h3 Bh5 17. b4 b5 18. Nd2 Re6 19. Bxh5 Nxh5 20. e4 Rde8 21. Nf3 dxe4
22. Rxe4 Nhf6 23. Rxe6 Rxe6 24. Re1 Rxe1+ 25. Nxe1 Qe8 26. Nf3 1/2-1/2

[Event "Madrid 2011/2012- Semifinal A "]
[Site "Madrid ESP"]
[Date "2012.04.18"]
[Round "6.9"]
[White "Perez De Aranda A., Leonardo I"]
[Black "Vukotic Jovsic, Dragan"]
[Result "0-1"]
[WhiteElo "2107"]
[BlackElo "1955"]
[PlyCount "86"]
[EventDate "2012.04.10"]
[EventType "swiss"]
[EventRounds "9"]
[EventCountry "ESP"]
[Source "lmi"]
[SourceDate "2012.04.10"]

1. b3 e5 2. Bb2 Nc6 3. e3 d6 4. Bb5 a6 5. Bxc6+ bxc6 6. Ne2 Qg5 7. O-O Be7 8.
f4 exf4 9. exf4 Qg6 10. f5 Qh6 11. Nd4 Bb7 12. Qe2 O-O-O 13. f6 Bxf6 14. Nf5
Qg6 15. Bxf6 Qxf6 16. Nc3 g6 17. Ne3 Qe7 18. Qf2 f5 19. Nc4 Kb8 20. Na5 Nf6 21.
Rfe1 Qd7 22. Qd4 Nd5 23. Nxd5 cxd5 24. Nxb7 Kxb7 25. Qxd5+ c6 26. Qf3 Rhe8 27.
b4 Re5 28. d4 Rxe1+ 29. Rxe1 Re8 30. Re2 Re6 31. Kf2 Qe7 32. Rxe6 Qxe6 33. Qb3
Qf6 34. Qe3 Qh4+ 35. Kg1 Qe4 36. Qxe4 fxe4 37. c4 Kb6 38. a4 d5 39. c5+ Kb7 40.
Kf2 a5 41. bxa5 Ka6 42. Ke3 Kxa5 43. Kf4 Kxa4 0-1

[Event "Madrid 2011/2012- Semifinal A "]
[Site "Madrid ESP"]
[Date "2012.04.18"]
[Round "6.10"]
[White "Gomez Gonzalez, Javier"]
[Black "Lopez De Turiso Sanchez, Jose Angel"]
[Result "1/2-1/2"]
[WhiteElo "2077"]
[BlackElo "2038"]
[PlyCount "76"]
[EventDate "2012.04.10"]
[EventType "swiss"]
[EventRounds "9"]
[EventCountry "ESP"]
[Source "lmi"]
[SourceDate "2012.04.10"]

1. e4 e6 2. d4 d5 3. exd5 exd5 4. Bd3 Nc6 5. Be3 Nf6 6. h3 Bd6 7. Nf3 Ne7 8.
O-O Ng6 9. c4 dxc4 10. Bxc4 O-O 11. Nc3 c6 12. Ng5 h6 13. Nge4 Nxe4 14. Nxe4
Bc7 15. Qh5 Nf4 16. Bxf4 Bxf4 17. Rad1 Qe7 18. Rfe1 Qb4 19. Bb3 a5 20. Qg6 Qe7
21. Nc5 Qg5 22. Qxg5 Bxg5 23. a4 b6 24. Ne4 Be7 25. d5 cxd5 26. Bxd5 Rb8 27.
Bc4 Bb4 28. Re3 Bf5 29. b3 Rfe8 30. Ng3 Rxe3 31. fxe3 Bg6 32. Kf2 Bc5 33. Kf3
Re8 34. e4 Kf8 35. Rd7 Re7 36. Rd8+ Re8 37. Rd3 Ke7 38. Nf5+ Bxf5 1/2-1/2

[Event "Madrid 2011/2012- Semifinal A "]
[Site "Madrid ESP"]
[Date "2012.04.18"]
[Round "6.11"]
[White "Andalon Gomez, Carlos Jesus"]
[Black "Madurga Lopez, Ignacio"]
[Result "0-1"]
[WhiteElo "2035"]
[BlackElo "2073"]
[PlyCount "76"]
[EventDate "2012.04.10"]
[EventType "swiss"]
[EventRounds "9"]
[EventCountry "ESP"]
[Source "lmi"]
[SourceDate "2012.04.10"]

1. d4 Nf6 2. c4 g6 3. Nc3 Bg7 4. e4 d6 5. f4 O-O 6. Nf3 Na6 7. Bd3 Bg4 8. Be3
c5 9. d5 e6 10. dxe6 fxe6 11. a3 d5 12. cxd5 exd5 13. Bxa6 bxa6 14. exd5 Re8
15. Kf2 Rb8 16. Qd2 Ne4+ 17. Nxe4 Rxb2 18. Qxb2 Bxb2 19. Ra2 Qxd5 20. Rxb2 Qxe4
21. Bxc5 Bxf3 22. gxf3 Qxf4 23. h4 Qe5 24. Rc2 Rc8 25. Rhc1 Qh2+ 26. Kf1 Qh1+
27. Kf2 Qxh4+ 28. Kg2 Qg5+ 29. Kf2 Qf5 30. Rc3 Qe5 31. Kg2 h5 32. R3c2 h4 33.
Rc3 Qg3+ 34. Kh1 Re8 35. Bg1 h3 36. R1c2 Re1 37. Rc8+ Kf7 38. R8c7+ Kf6 0-1

[Event "Madrid 2011/2012- Semifinal A "]
[Site "Madrid ESP"]
[Date "2012.04.18"]
[Round "6.12"]
[White "Pinel Mirasierra, Jose Pablo"]
[Black "De La Fuente Gonzalez, Francisco"]
[Result "1/2-1/2"]
[WhiteElo "1919"]
[BlackElo "2193"]
[PlyCount "111"]
[EventDate "2012.04.10"]
[EventType "swiss"]
[EventRounds "9"]
[EventCountry "ESP"]
[Source "lmi"]
[SourceDate "2012.04.10"]

1. d4 d5 2. c4 c6 3. Nf3 Nf6 4. g3 Bf5 5. Bg2 e6 6. Nc3 Nbd7 7. Qb3 Qb6 8. Qxb6
axb6 9. cxd5 exd5 10. Bf4 Bb4 11. Ne5 O-O 12. Kd2 Nxe5 13. Bxe5 Ng4 14. Bh3 Nh6
15. Bxf5 Nxf5 16. g4 f6 17. Bxf6 Rxf6 18. gxf5 Rxf5 19. f3 Rf4 20. Kd3 Be7 21.
Rhf1 Raf8 22. Rf2 Rxd4+ 23. Kxd4 Bc5+ 24. Kd3 Bxf2 25. Rf1 Bh4 26. e4 dxe4+ 27.
Nxe4 Rd8+ 28. Ke2 Kf7 29. Rc1 Rd5 30. Rc4 Bd8 31. Ra4 Rd7 32. Ra7 Be7 33. a3
Ke6 34. Ra8 Bd8 35. Ra4 h6 36. h3 g5 37. Ra8 Ke5 38. Ra7 h5 39. Ke3 b5 40. Ra8
g4 41. hxg4 hxg4 42. f4+ Kf5 43. Ng3+ Kg6 44. b3 Bb6+ 45. Ke2 Re7+ 46. Kf1 Re3
47. Kg2 Rxb3 48. Rg8+ Kf7 49. Rxg4 Rxa3 50. Nf5 Kf6 51. Nd6 b4 52. f5 Ra2+ 53.
Kh3 Ra3+ 54. Kg2 Ra2+ 55. Kh3 Ra3+ 56. Kg2 1/2-1/2

[Event "Madrid 2011/2012- Semifinal A "]
[Site "Madrid ESP"]
[Date "2012.04.18"]
[Round "6.13"]
[White "Aguado Solana, Juan"]
[Black "Fernandez Garcia, Ignacio"]
[Result "1-0"]
[WhiteElo "2060"]
[BlackElo "1909"]
[PlyCount "71"]
[EventDate "2012.04.10"]
[EventType "swiss"]
[EventRounds "9"]
[EventCountry "ESP"]
[Source "lmi"]
[SourceDate "2012.04.10"]

1. e4 d6 2. d4 g6 3. Nf3 Bg7 4. Bc4 Nf6 5. Nc3 O-O 6. O-O Nc6 7. h3 e5 8. dxe5
Nxe5 9. Nxe5 dxe5 10. Qe2 c6 11. Rd1 Qe7 12. a3 Be6 13. Be3 b6 14. b4 Rfd8 15.
f3 Nh5 16. Bxe6 Qxe6 17. Qa6 Qe7 18. b5 Rdc8 19. bxc6 Rxc6 20. Nd5 Qe8 21. Qb7
Rxc2 22. Rac1 Rxc1 23. Rxc1 Nf4 24. Nc7 Qc8 25. Qxa8 Qxa8 26. Nxa8 Ne2+ 27. Kf2
Nxc1 28. Bxc1 Bf8 29. Nc7 Bd6 30. Nb5 Bb8 31. a4 a6 32. Nc3 f5 33. Be3 b5 34.
axb5 axb5 35. Nxb5 Kf7 36. Ba7 1-0

[Event "Madrid 2011/2012- Semifinal A "]
[Site "Madrid ESP"]
[Date "2012.04.18"]
[Round "6.14"]
[White "De La Horra Del Barco, Ricardo"]
[Black "Lopez Heras, Arturo"]
[Result "1-0"]
[WhiteElo "2055"]
[BlackElo "1882"]
[PlyCount "109"]
[EventDate "2012.04.10"]
[EventType "swiss"]
[EventRounds "9"]
[EventCountry "ESP"]
[Source "lmi"]
[SourceDate "2012.04.10"]

1. Nf3 Nf6 2. g3 c5 3. Bg2 Nc6 4. O-O e5 5. c4 d6 6. Nc3 Be7 7. e3 Bf5 8. d4
O-O 9. d5 Nb4 10. a3 Na6 11. Nh4 Bg4 12. f3 Bd7 13. f4 exf4 14. exf4 Ng4 15.
Nf3 f5 16. Qd3 Nc7 17. h3 Nh6 18. b4 b6 19. Bd2 Rb8 20. Rfe1 Bf6 21. Kh2 Re8
22. Rab1 Rxe1 23. Rxe1 Qf8 24. Ne2 Re8 25. Bc3 Bxc3 26. Qxc3 Re7 27. bxc5 bxc5
28. Kg1 Qe8 29. Kf2 Bc8 30. Ng5 Nf7 31. Nxf7 Kxf7 32. Bf3 Na8 33. Rb1 Nb6 34.
g4 Qa4 35. Rc1 Ba6 36. Ng3 Qxc4 37. Nxf5 Qxc3 38. Rxc3 Rd7 39. g5 g6 40. Ne3
Rb7 41. Rb3 Na4 42. Rxb7+ Bxb7 43. Nc4 Ke7 44. Na5 Bc8 45. Bg4 Bxg4 46. hxg4 a6
47. f5 Nb6 48. f6+ Kf7 49. Nb7 Nc8 50. Ke3 h6 51. Nd8+ Kg8 52. gxh6 Nb6 53. f7+
Kf8 54. h7 Nxd5+ 55. Kd2 1-0

[Event "Madrid 2011/2012- Semifinal A "]
[Site "Madrid ESP"]
[Date "2012.04.18"]
[Round "6.15"]
[White "Lopez Garralon, Miguel"]
[Black "Ocaña Lameiro, Oliver"]
[Result "0-1"]
[WhiteElo "1928"]
[BlackElo "2002"]
[PlyCount "108"]
[EventDate "2012.04.10"]
[EventType "swiss"]
[EventRounds "9"]
[EventCountry "ESP"]
[Source "lmi"]
[SourceDate "2012.04.10"]

1. e4 c5 2. Nf3 e6 3. d4 cxd4 4. Nxd4 Nc6 5. Nc3 Nf6 6. g3 d6 7. Bg2 Be7 8. h3
O-O 9. Be3 Bd7 10. O-O Nxd4 11. Bxd4 Bc6 12. Qe2 Nd7 13. Rad1 Qc7 14. Nd5 exd5
15. exd5 Rae8 16. dxc6 bxc6 17. Qc4 c5 18. Bc3 Rd8 19. Rd2 Nb6 20. Qg4 g6 21.
Re1 d5 22. Be5 Qd7 23. b3 Qxg4 24. hxg4 Rd7 25. c3 g5 26. c4 f6 27. Bc3 d4 28.
Ba5 Bd8 29. Bxb6 Bxb6 30. Bd5+ Rxd5 31. cxd5 Ba5 32. Rdd1 Bxe1 33. Rxe1 Rd8 34.
Kf1 Kf7 35. Re6 Rxd5 36. Ra6 Rd7 37. Rc6 Ke7 38. Rxc5 Kd6 39. Rf5 Ke6 40. Ke2
h5 41. Kd3 hxg4 42. Ra5 f5 43. Ra6+ Ke5 44. Rg6 Rc7 45. Rxg5 Rc3+ 46. Kd2 Rf3
47. Ke1 Ke4 48. Rg7 Rc3 49. Rxa7 Kd3 50. f4 Kc2 51. Rd7 d3 52. Rd4 Rc6 53. Rd5
Re6+ 54. Kf1 d2 0-1

[Event "Madrid 2011/2012- Semifinal A "]
[Site "Madrid ESP"]
[Date "2012.04.18"]
[Round "6.17"]
[White "Jimenez Gonzalez, Marcos"]
[Black "Santacruz Molina, Ildefonso"]
[Result "0-1"]
[WhiteElo "1848"]
[BlackElo "1933"]
[PlyCount "64"]
[EventDate "2012.04.10"]
[EventType "swiss"]
[EventRounds "9"]
[EventCountry "ESP"]
[Source "lmi"]
[SourceDate "2012.04.10"]

1. c4 c5 2. g3 Nf6 3. Nc3 g6 4. Bg2 Bg7 5. Nf3 Nc6 6. d4 cxd4 7. Nxd4 O-O 8.
O-O a6 9. Nxc6 dxc6 10. Qxd8 Rxd8 11. Bg5 h6 12. Be3 Be6 13. Na4 Nd7 14. Rac1
Rac8 15. b3 Bg4 16. f3 Be6 17. Rfd1 b5 18. cxb5 cxb5 19. Rxc8 Rxc8 20. Nb6 Nxb6
21. Bxb6 Rc2 22. Bf1 Rxa2 23. b4 Bc4 24. Rd8+ Kh7 25. Ra8 Bc3 26. Bc5 e5 27.
Be7 Bd4+ 28. Kg2 Bxe2 29. Bxe2 Rxe2+ 30. Kh3 Bg1 31. Bf6 g5 32. Kg4 Kg6 0-1

[Event "Madrid 2011/2012- Semifinal A "]
[Site "Madrid ESP"]
[Date "2012.04.18"]
[Round "6.18"]
[White "Barroso Barroso, Jorge"]
[Black "Luna Hermoso, Angel"]
[Result "1/2-1/2"]
[WhiteElo "1763"]
[BlackElo "2013"]
[PlyCount "147"]
[EventDate "2012.04.10"]
[EventType "swiss"]
[EventRounds "9"]
[EventCountry "ESP"]
[Source "lmi"]
[SourceDate "2012.04.10"]

1. e4 c5 2. c4 Nc6 3. Ne2 g6 4. d4 cxd4 5. Nxd4 Qb6 6. Nxc6 dxc6 7. Be3 Qc7 8.
Nc3 Bg7 9. Be2 Nf6 10. O-O O-O 11. Qc1 Bg4 12. Bxg4 Nxg4 13. Bf4 e5 14. Bg3 Bh6
15. Qd1 f5 16. exf5 gxf5 17. Re1 Rae8 18. h3 Nf6 19. Qe2 Qf7 20. Rad1 Nh5 21.
Bh2 Re6 22. c5 e4 23. Qc4 Bf4 24. Ne2 Bxh2+ 25. Kxh2 Re5 26. Qxf7+ Rxf7 27. b4
f4 28. Rd6 f3 29. Nc3 e3 30. gxf3 exf2 31. Rf1 Rxf3 32. Nd1 Re2 33. Kg2 Rf7 34.
Rd8+ Kg7 35. Rxf2 Nf4+ 36. Kg3 Re4 37. a3 h5 38. Kh2 h4 39. Rdd2 Rfe7 40. Rb2
Nh5 41. Rg2+ Ng3 42. Nf2 Re1 43. Rb3 R7e3 44. Rxe3 Rxe3 45. a4 Kf8 46. b5 Ra3
47. bxc6 bxc6 48. Ng4 Rc3 49. Rb2 a5 50. Ne5 Nf1+ 51. Kg1 Ne3 52. Nxc6 Rxc5 53.
Nd4 Rc4 54. Ne6+ Ke7 55. Ng5 Kd6 56. Rb6+ Kc5 57. Rb5+ Kd4 58. Rxa5 Kd3 59. Ra6
Rc1+ 60. Kh2 Rc2+ 61. Kh1 Rc1+ 62. Kh2 Rc2+ 63. Kh1 Rg2 64. Ne6 Rg3 65. Kh2
Nf1+ 66. Kh1 Ke4 67. Ra5 Nd2 68. Ng5+ Kf4 69. Ne6+ Ke4 70. Ng5+ Kd4 71. Ne6+
Kc4 72. Rg5 Rxh3+ 73. Kg2 Ra3 74. Rg4+ 1/2-1/2

[Event "Madrid 2011/2012- Semifinal A "]
[Site "Madrid ESP"]
[Date "2012.04.18"]
[Round "6.19"]
[White "Rojas Pozo, Jose Luis"]
[Black "Lopez Peral, Enrique"]
[Result "1-0"]
[WhiteElo "1976"]
[BlackElo "1844"]
[PlyCount "43"]
[EventDate "2012.04.10"]
[EventType "swiss"]
[EventRounds "9"]
[EventCountry "ESP"]
[Source "lmi"]
[SourceDate "2012.04.10"]

1. d4 d5 2. Nf3 Nf6 3. c4 dxc4 4. Nc3 e6 5. Bg5 h6 6. Bxf6 gxf6 7. e4 c6 8.
Bxc4 b6 9. Qe2 a5 10. a4 Na6 11. O-O Nb4 12. Rad1 Ba6 13. Bxa6 Rxa6 14. d5 cxd5
15. exd5 Qc8 16. Rfe1 e5 17. Nxe5 Rg8 18. Qb5+ Kd8 19. Nxf7+ Kc7 20. g3 Qd7 21.
d6+ Kc8 22. Re8+ 1-0

[Event "Madrid 2011/2012- Semifinal A "]
[Site "Madrid ESP"]
[Date "2012.04.18"]
[Round "6.20"]
[White "Camarero Izquierdo, Juan Carlos"]
[Black "Rodriguez Bachiller, Luis"]
[Result "1-0"]
[WhiteElo "1881"]
[BlackElo "1827"]
[PlyCount "71"]
[EventDate "2012.04.10"]
[EventType "swiss"]
[EventRounds "9"]
[EventCountry "ESP"]
[Source "lmi"]
[SourceDate "2012.04.10"]

1. d4 Nf6 2. Nc3 e6 3. e4 d6 4. Bg5 Be7 5. Qd2 h6 6. Bxf6 Bxf6 7. O-O-O O-O 8.
f4 Nc6 9. Nf3 a6 10. g4 e5 11. g5 exd4 12. Nd5 hxg5 13. fxg5 Be7 14. h4 Bg4 15.
Qg2 Bxf3 16. Qxf3 Ne5 17. Qh5 g6 18. Qe2 Kg7 19. Rxd4 Rh8 20. Bg2 c6 21. Ne3
Qb6 22. Rdd1 Rh5 23. Bf3 Nxf3 24. Qxf3 Bxg5 25. hxg5 Rxg5 26. Rxd6 f5 27. Rd7+
Kf6 28. e5+ Ke6 29. Rd6+ Kf7 30. Rf6+ Kg7 31. Qf4 Rh8 32. Rd1 Rhh5 33. Kb1 Qc7
34. a3 Qe7 35. Rfd6 Kh6 36. Nxf5+ 1-0